000 01022nam a2200229Ia 4500
001 261-POS vi me (8739)
003 IT-MiSPE
008 171229s9999||||xx |||||||||||||| ||und||
040 _aIT-MiSPE
_cIT-MiSPE
041 _aITALIANO
100 _aVittorio Possenti
245 0 _aIl messaggio sociale cristiano
_bOltre l'illuminismo
250 _a1a ed. (v)
260 _aCinisello B.mo
_bEd. Paoline
_c1992
300 _a270 p.
_c21 cm
490 _aEtica professionale e sociale
_v7
500 _aSociologia cristiana
501 _aEdizioni San Paolo srl - Piazza Soncino, 5 - 20092 CINISELLO BALSAMO (MI) (non commercial uses only) ® Copyright 2018
942 _cBK
957 _71
999 _a12421
_bNO
_g Copie: 1
_c344032
_d344032